| 000 | 00848nam a2200217Ia 4500 | ||
|---|---|---|---|
| 001 | IA_5184,27/08/2013,27/08/2013,5232272000 mx nml 8223123322spa16," | ||
| 002 | Hidalgo / Alicia Bret Iglrecias y Elisa Arreortua Chávez ; dirección Lyzbeth Hernández Ramos ; asesoría Ma. Carmen Ybarra Moncada y Artemio Pérez López | ||
| 008 | 220117so / xx 000 0 und d | ||
| 010 | _a184772 | ||
| 090 | _aTesis B74 2019 | ||
| 100 |
_aBret Iglesias _9157770 |
||
| 260 |
_aMéxico : _bEl autor, _co / |
||
| 300 | _avi | ||
| 500 | _aEl CD contiene reporte y artículo | ||
| 502 | _aTesis (Ing. Agr. Esp. en Ingeniería Agroindustrial) -- UACh. Departamento de Ingeniería Agroindustrial | ||
| 504 | _aBibliografía: h. 79-82 | ||
| 505 | _a11 planos : | ||
| 904 | _ao / | ||
| 942 | _c2019 | ||
| 999 |
_c184772 _d184772 |
||